| 000 | 01583nam0a2200325 4500 | ||
|---|---|---|---|
| 001 | RU\NLR\b_ik\191965 | ||
| 005 | 20250616231131.0 | ||
| 035 | _a(NLR Aleph) 002264414 | ||
| 090 |
_a3863911 _c3863911 |
||
| 100 | _a20111011d2011 |||y0rusy50 ca | ||
| 101 | 0 |
_aeng _drus |
|
| 102 | _aRU | ||
| 105 | _ay ||||||||| | ||
| 200 | 1 |
_aOn radially symmetric solutions of the equation - u+u=/u/p-1 u. An ODE approach _fP.E. Zhidkov |
|
| 210 |
_aДубна _cИздательский отдел Объединенного института ядерных исследований _d2011 |
||
| 215 |
_a12, [1] c. _d22 |
||
| 225 | 1 |
_aОбъединенный институт ядерных исследований, Дубна _vE5-2011-28 |
|
| 300 | _aНа 3-й с. обл.: О радиально-симметричных решениях уравнения - u+u=/u/ p-1 u. ОДУ-подход / Жидков П.Е. | ||
| 300 | _aРез. на рус. яз. | ||
| 320 | _aБиблиогр. в конце кн. (15 назв.) | ||
| 517 | 0 | _aAn ODE approach | |
| 517 | 0 | _aО радиально-симметричных решениях уравнения - u+u=/u/ p-1 u. ОДУ-подход | |
| 606 | 1 |
_aМатематическая физика _xОбыкновенные дифференциальные уравнения _xРешение _92176864 _3RU\NLR\AUTH\6601545186 |
|
| 686 | 1 | _aВ311с21 | |
| 700 | 1 |
_aŽidkov _bP. E. _gPetr Evgen'evič _4070 |
|
| 801 | 0 |
_aRU _bNLR _c20111011 _gRCR |
|
| 942 | _cBOOK | ||
| 980 | _aNB | ||